000 00229nam a22000977a 4500
008 230620b xxu||||| |||| 00| 0 eng d
082 _a031.026762
_bWAC
245 _aKenya Book of Records 2013/14
300 _a298p
942 _2ddc
_cBK
999 _c1831
_d1831